Statistics for guess the song from the bridge - all taylor swift songs

Click here to take the quiz!

General Stats

  • This quiz has been taken 149 times
  • The average score is 105 of 173

Answer Stats

albumbridgetitle% Correct
REPUTATIONi don't trust nobody and nobody trusts me / i'll be the actress starring in your bad dreams / i don't trust nobody and nobody trusts me / i'll be the actress starring in your bad dreams / "i'm sorry, the old taylor can't come to the phone right now / "why? oh, 'cause she's dead!" (oh)look what you made me do
92%
REPUTATIONwe were jet-set, bonnie and clyde / until i switched to the other side, to the other side / it's no surprise i turned you in (oh-oh) / 'cause us traitors never wingetaway car
90%
1989boys only want love if it's torture / don't say i didn't, say i didn't warn ya / boys only want love if it's torture / don't say i didn't, say i didn't warn yablank space
87%
REPUTATIONhere's a toast to my real friends / they don't care about the he-said, she-said / and here's to my baby / he ain't reading what they call me lately / and here's to my mama / had to listen to all this drama / and here's to you / 'cause forgiveness is a nice thing to do / haha, i can't even say it with a straight facethis is why we can't have
nice things
87%
LOVERi'm drunk in the back of the car / and i cried like a baby comin' home from the bar (oh) / said, "i'm fine," but it wasn't true / i don't wanna keep secrets just to keep you / and i snuck in through the garden gate / every night that summer just to seal my fate (oh) / and i scream, "for whatever it's worth / i love you, ain't that the worst thing you ever heard?" / he looks up, grinnin' like a devilcruel summer
86%
FEARLESSoh, i remember you driving to my house / in the middle of the night / i'm the one who makes you laugh / when you know you're 'bout to cry / i know your favorite songs / and you tell me 'bout your dreams / think i know where you belong / think i know it's with me /you belong with me
86%
REDwell, maybe we got lost in translation, maybe i asked for too much / but maybe this thing was a masterpiece 'til you tore it all up / runnin' scared, i was there / i remember it all too well / and you call me up again just to break me like a promise / so casually cruel in the name of bein' honest / i'm a crumpled-up piece of paper lyin' here 'cause i remember it all, all, allall too well
85%
REPUTATIONi get so high, oh / every time you're, every time you're lovin' me / you're lovin' me / trip of my life, oh / every time you're, every time you're touchin' me / you're touchin' me / every time you're, every time you're lovin' medon't blame me
85%
SPEAK NOWthis is me praying that / this was the very first page / not where the storyline ends / my thoughts will echo your name / until i see you again / these are the words i held back / as i was leaving too soon / i was (---------) to meet you / please, don't be in love with someone else / please, don't have somebody waiting on you / please, don't be in love with someone else (ooh) / please, don't have somebody waiting on you (ooh, oh) /enchanted
85%
LOVERladies and gentlemen, will you please stand? / with every guitar string scar on my hand / i take this magnetic force of a man to be my lover / my heart's been borrowed and yours has been blue / all's well that ends well to end up with you / swear to be overdramatic and true to my lover / and you'll save all your dirtiest jokes for me / and at every table, i'll save you a seat, loverlover
85%
1989my ex-man brought his new girlfriend / she's like, "oh my god!" but i'm just gonna shake / and to the fella over there with the hella good hair / won't you come on over, baby? / we can shake, shake, shake / yeah, oh, oh, ohshake it off
85%
1989remember when you hit the brakes too soon? / twenty stitches in a hospital room / when you started crying, baby, i did too / but when the sun came up, i was looking at you / remember when we couldn't take the heat? / i walked out, i said, "i'm setting you free" / but the monsters turned out to be just trees / when the sun came up, you were looking at me / you were looking at me, ooh / you were looking at meout of the woods
84%
SPEAK NOWi hear the preacher say / "(----- ---) or forever hold your peace" / there's the silence, there's my last chance / i stand up with shaky hands, all eyes on me / horrified looks from everyone in the room / but i'm only lookin' at youspeak now
83%
LOVERwhat's it like to brag about raking in dollars / and getting bitches and models? / and it's all good if you're bad / and it's okay if you're mad / if i was out flashin' my dollars / i'd be a bitch, not a baller / they'd paint me out to be bad / so it's okay that i'm madthe man
83%
FOLKLOREto kiss in cars and downtown bars / was all we needed / you drew stars around my scars / but now i'm bleedin'cardigan
82%
REPUTATIONflashback when you met me, your buzzcut and my hair bleached / even in my worst times, you could see the best in me / flashback to my mistakes, my rebounds, my earthquakes / even in my worst lies, you saw the truth in me / and i woke up just in time, now i wake up by your side / my one and only, my lifeline / i woke up just in time, now i wake up by your side / my hands shake, i can't explain this / ah, ha, ha, ha-ahdress
82%
REPUTATIONbaby, let the games begin / let the games begin / let the games begin / baby, let the games begin / let the games begin / let the games begin...ready for it?
82%
SPEAK NOWi miss your tanned skin, your sweet smile / so good to me, so right / and how you held me in your arms that september night / the first time you ever saw me cry / maybe this is wishful thinkin' / probably mindless dreaming / but if we loved again, i swear i'd love you right / i'd go back in time and change it, but i can't / so, if the chain is on your door, i understandback to december
81%
1989you'll see me in hindsight / tangled up with you all night / burnin' it down / someday, when you leave me / i bet these memories / follow you around / you'll see me in hindsight / tangled up with you all night / burnin' (burnin') it (it) down (down) / someday, when you leave me / i bet these memories / follow (follow) you (you) around (around) / (follow you around)wildest dreams
81%
FOLKLOREback when we were still changin' for the better / wanting was enough / for me, it was enough / to live for the hope of it all / cancel plans just in case you'd call / and say, "meet me behind the mall" / so much for summer love and saying "us" / 'cause you weren't mine to lose / you weren't mine to lose, noaugust
80%
1989band-aids don't fix bullet holes / you say sorry just for show / if you live like that, you live with ghosts / you forgive, you forget, but you never let it go / band-aids don't fix bullet holes / you say sorry just for show / if you live like that, you live with ghosts (uh, uh) / if you love like that, blood runs coldbad blood
80%
REPUTATIONyou make me so happy it turns back to sad / there's nothing i hate more than what i can't have / and you are so (--------) it makes me so mad (mmh) / you make me so happy it turns back to sad (yeah) / there's nothing i hate more than what i can't have and / guess i'll just stumble on home to my cats (yeugh) alone / unless, you wanna come along? (oh)gorgeous
80%
FOLKLOREand you wanna scream / don't call me "kid," don't call me "baby" / look at this godforsaken mess that you made me / you showed me colors you know i can't see with anyone else / don't call me "kid," don't call me "baby" / look at this idiotic fool that you made me / you taught me a secret language i can't speak with anyone elseillicit affairs
80%
LOVERgirl, there ain't no "i" in "team" / but you know there is a "(--)" / strike the band up, one, two, three / i promise that you'll never find another like (--) / girl, there ain't no "i" in "team" / but you know there is a "(--)" / and you can't spell "awesome" without "(--)" / i promise that you'll never find another likeme!
80%
REDremembering him comes in flashbacks and echoes / tell myself it's time now gotta let go / but moving on from him is impossible when i still see it all in my head / in burning (---) / burning, it was (---)red
80%
FEARLESSand i got tired of waiting / wondering if you were ever coming around / my faith in you was fading / when i met you on the outskirts of townlove story
79%
LOVERi want to drive away with you / i want your complications too / i want your dreary mondays / wrap your arms around me, baby boy / uh huhpaper rings
79%
LOVER'cause they see right through me / they see right through me / they see right through / can you see right through me? /
they see right through / they see right through me / i see right through me / i see right through me
the archer
79%
SPEAK NOWi'm just another thing for you to roll your eyes at, honey / you might have him, but haven't you heard? / i'm just another thing for you to roll your eyes at, honey / you might have him, but i always get the last word / woah, woah-ah-ohbetter than revenge
78%
FOLKLOREi was walking home on broken cobblestones / just thinking of you when she pulled up like / a figment of my worst intentions / she said "james, get in, let's drive" / those days turned into nights / slept next to her, but / i dreamt of you all summer long /betty
78%
1989ten months sober, i must admit / just because you're (-----) don't mean you don't miss it / ten months older, i won't give in / now that i'm (-----), i'm never gonna risk itclean
78%
REPUTATIONsometimes, i wonder, when you sleep / are you ever dreaming of me? / sometimes, when i look into your eyes / i pretend you're mine, all the damn timedelicate
78%
SPEAK NOWand i can see you years from now in a bar / talking over a football game / with that same big, loud opinion / but nobody's listening / washed up and ranting about the same old bitter things / drunk and grumblin' on about how i can't sing / but all you are is (----)mean
78%
REPUTATIONi want to wear his initial on a chain 'round my neck / chain 'round my neck / not because he owns me / but 'cause he really knows me / which is more than they can say, i / i recall late november / holding my breath, slowly, i said / "you don't need to save me / but would you run away with me?" / yes (would you run away?)call it what you want
77%
LOVERmy heart, my hips, my body, my love / tryna find a part of me that you didn't touch / gave up on me like i was a bad drug / now i'm searching for signs in a haunted club / our songs, our films, united we stand / our country, guess it was a lawless land / quiet my fears with the touch of your hand / paper cut stings from our paper-thin plans / my time, my wine, my spirit, my trust / tryna find a part of me you didn't take up / gave you too much, but it wasn't enough / but i'll be alright, it's just a thousand cutsdeath by a thousand cuts
77%
FOLKLOREand i can go anywhere i want / anywhere i want, just not home / and you can aim for my heart, go for blood / but you would still miss me in your bones / and i still talk to you (when i'm screaming at the sky) / and when you can't sleep at night (you hear my stolen lullabies)my tears ricochet
77%
MIDNIGHTSfrom sprinkler splashes to fireplace ashes / i gave my blood, sweat, and tears for this / i hosted parties and starved my body / like i'd be saved by a perfect kiss / the jokes weren't funny, i took the money / my friends from home don't know what to say / i looked around in a blood-soaked gown / and i saw something they can't take away / 'cause there were pages turned with the bridges burned / everything you lose is a step you take / so, make the friendship bracelets, take the moment and taste it / you've got no reason to be afraidyou're on your own, kid
77%
SPEAK NOWyou are an expert at sorry and keeping lines blurry / never impressed by me acing your tests / all the girls that you've run dry have tired lifeless eyes / 'cause you burned them out / but i took your matches before fire could catch me / so don't look now / i'm shining like fireworks over your sad empty town / oh, ohdear john
76%
FOLKLOREso step right out, there is no amount / of crying i can do for you /
all this time / we always walked a very thin line / you didn't even hear me out (you didn't even hear me out) / you never gave a warning sign (i gave so many signs) /
all this time / i never learned to read your mind (never learned to read my mind) / i couldn't turn things around (you never turned things around) / 'cause you never gave a warning sign (i gave so many signs) / so many signs, so many signs / you didn't even see the signs
exile
76%
REPUTATIONis this the end of all the endings? / my broken bones are mending / with all these nights we're spending / up on the roof with a school girl crush / drinking beer out of plastic cups / say you fancy me, not fancy stuff / baby, all at once, this is enoughking of my heart
76%
REDi used to think that we were forever, ever / and i used to say, "never say never" / ugh, so he calls me up and he's like, "i still love you" / and i'm, like, i'm just, i mean, this is exhausting, you know? / like, (-- --- ----- ------- ---- --------) like, ever (no)we are never ever getting
back together
76%
MIDNIGHTSi have this dream my daughter-in-law kills me for the money / she thinks i left them in the will / the family gathers 'round and reads it and then someone screams out / "she's laughing up at us from hell"anti-hero
75%
LOVERand i can still see it all (in my mind) / all of you, all of me (intertwined) / i once believed love would be (black and white) / but it's golden (golden) / and i can still see it all (in my head) / back and forth from new york (sneakin' in your bed) / i once believed love would be (burnin' red) / but it's goldendaylight
75%
REPUTATIONthey're burning all the witches even if you aren't one / they got their pitchforks and proof, their receipts and reasons / they're burning all the witches even if you aren't one / so light me upi did something bad
75%
FOLKLOREa string that pulled me / out of all the wrong arms, right into that dive bar / something wrapped all of my past mistakes in barbed wire / chains around my demons / wool to brave the seasons / one single thread of gold / tied me to youinvisible string
75%
SPEAK NOWhold on to spinning around / confetti falls to the ground / may these memories break our fall / will you take a moment? promise me this / that you'll stand by me forever / but if, god forbid, fate should step in / and force us into a goodbye / if you have children some day / when they point to the pictures / please tell 'em my name / tell 'em how the crowds went wild / tell 'em how i hope they shine / long live the walls we crashed through / i had the time of my life with youlong live
75%
FOLKLOREand they called off the circus, burned the disco down / when they sent home the horses and the rodeo clowns / i'm still on that tightrope / i'm still trying everything to get you laughing at me / and i'm still a believer, but i don't know why / i've never been a natural, all i do is try, try, try / i'm still on that trapeze / i'm still trying everything to keep you looking at memirrorball
75%
1989please, take my hand and / please, take me dancing and / please, leave me stranded / it's so romantic (it's so romantic) / (ah, ah, ah, ah, ah, ah)new romantics
75%
REPUTATIONplease, don't ever become a stranger / whose laugh i could recognize anywhere / please, don't ever become a stranger / whose laugh i could recognize anywherenew year's day
75%
1989take me home (ah) / just take me home (ah) / yeah, just take me home (ah) / oh-oh, woah-oh, ohstyle
75%
EVERMORElife was a (------) and it bent right to your wind / they count me out time and time again / life was a (------) and it bent right to your wind / but i come back stronger than a '90s trendwillow
75%
MIDNIGHTStalk your talk and go viral / i just need this love spiral / get it off your chest / get it off my desk (get it off my desk) / talk your talk and go viral / i just need this love spiral / get it off your chest / get it off my desklavender haze
74%
LOVER
and i don't want you to (go), i don't really wanna (fight) / 'cause nobody's gonna (win), just thought you should know / and i'll never let you (go) 'cause I know this is a (fight) / that someday we're gonna (win)
miss americana & the
heartbreak prince
74%
SPEAK NOWi run my fingers through your hair and watch the lights go wild / just keep on keepin' your eyes on me, it's just wrong enough to make it feel / right and lead me up the staircase, won't you whisper soft and slow? / i'm captivated by you, baby, like a firework showsparks fly
74%
1989i reached for you, but you were gone / i knew i had to go back home / you searched the world for somethin' else / to make you feel like what we had / and in the end, in (----------), we both went mad / ohwonderland
74%
FOLKLOREthey say she was seen on occasion / pacing the rocks, staring out at the midnight sea / and in a feud with her neighbor / she stole his dog and dyed it key lime green / fifty years is a long time / holiday house sat quietly on that beach / free of women with madness, their men and bad habits / and then it was bought by methe last great american dynasty
73%
MIDNIGHTSsapphire tears on my face / sadness became my whole sky / but some guy said my aura's moonstone / just 'cause he was high / and we're dancin' all night / and you can try to change my mind / but you might have to wait in line / what's a girl gonna do? / a diamond's gotta shinebejeweled
72%
FEARLESSwell, you stood there with me in the doorway / my hands shake, i'm not usually this way but / you pull me in and i'm a little more brave / it's the first kiss, it's flawless, really something / it's (--------) / oh, yeahfearless
72%
SPEAK NOWso i'll watch your life in pictures like i used to watch you sleep / and i feel you forget me like i used to feel you breathe / and i'll keep up with our old friends / just to ask them how you are / hope it's nice where you are / and i hope the sun shines and it's a beautiful day / and something reminds you, you wish you had stayed / you can plan for a change in the weather and time / but i never planned on you changing your mindlast kiss
72%
FOLKLORE
and i've been meaning to tell you / i think your house is haunted / your dad is always mad and that must be why / and i think you should come live with me / and we can be pirates then you won't have to cry / or hide in the closet / and just like a folk song / our love will be passed on
seven
72%
SPEAK NOWand i watch you fly around the world / and i hope you don't save some other girl / don't forget, don't forget about me / i'm far away, but i never let you go / i'm love-struck and looking out the window / don't forget, don't forget where i'll besuperman
72%
1989let me remind you / this was what you wanted (oh, oh, oh-oh-oh) / you ended it / you were all i wanted (oh, oh, oh-oh-oh) / but not like this / not like this / not like this / oh, all you had to do was...all you had to do was stay
71%
EVERMOREyour midas touch on the chevy door / november flush and your flannel cure / "this dorm was once a madhouse" / i made a joke, "well, it's made for me" / how evergreen, our group of friends / don't think we'll say that word again / and soon they'll have the nerve to deck the halls / that we once walked through / one for the money, two for the show / i never was ready so i watch you go / sometimes you just don't know the answer / 'til someone's on their knees and asks you / "she would've made such a lovely bride / what a shame she's fucked in the head," they said / but you'll find the real thing instead / she'll patch up your tapestry that i shredchampagne problems
71%
1989they are the hunters, we are the foxes, and we run / just grab my hand and don't ever drop it, my lovei know places
71%
MIDNIGHTSno one wanted to play with me as a little kid / so i've been scheming like a criminal ever since / to make them love me and make it seem effortless / this is the first time i've felt the need to confess / and i swear / i'm only cryptic and machiavellian 'cause i caremastermind
71%
FOLKLOREi, i, i persist and resist the temptation to ask you / if one thing had been different / would everything be different todaythe 1
71%
LOVERand we see you over there on the internet / comparing all the girls who are killing it / but we figured you out / we all know now we all got crowns / (--- ---- -- ---- ----)you need to calm down
70%
SPEAK NOWi know, i know / i just know / you're not gone / you can't be gone, nohaunted
69%
LOVERtell me that you're still mine / tell me that we'll be just fine / even when i lose my mind / i need to say / tell me that it's not my fault / tell me that i'm all you want / even when i break your heart / i need to sayafterglow
68%
FOLKLOREi'm taking my time, taking my time / 'cause you took everything from me / watching you climb, watching you climb / over people like me / the master of spin has a couple side flings / good wives always know / she should be mad, should be scathing like me, butmad woman
68%
EVERMOREthe autumn chill that wakes me up / you loved the amber skies so much / long limbs and frozen swims / you'd always go past where our feet could touch / and i complained the whole way there / the car ride back and up the stairs / i should've asked you questions / i should've asked you how to be / asked you to write it down for me / should've kept every grocery store receipt / 'cause every scrap of you would be taken from me / watched as you signed your name (--------) / all your closets of backlogged dreams / and how you left them all to memarjorie
68%
FEARLESSand it's really such a shame / it's such a shame / 'cause i was miss "here to stay" / now i'm miss "gonna be alright someday" / and someday maybe you'll miss me / but by then, you'll be mr. "too late"mr. perfectly fine
68%
SPEAK NOWtake pictures in your mind of your childhood room / memorize what it sounded like when your dad gets home / remember the footsteps, remember the words said / and all your little brother's favorite songs / i just realized everything i have is, someday, gonna be gonenever grow up
68%
MIDNIGHTS 3AMit turned into something bigger / somewhere in the haze, got a sense i'd been betrayed / your finger on my hairpin triggers / soldier down on that icy ground / looked up at me with honor and truth / broken and blue, so i called off the troops / that was the night i nearly lost you / i really thought i'd lost youthe great war
68%
MIDNIGHTSladies always rise above / ladies know what people want / someone sweet and kind and fun / the lady simply had enoughvigilante shit
68%
LOVERyou hold my hand on the street / walk me back to that apartment / years ago, we were just inside / barefoot in the kitchen / sacred new beginnings / that became my religion, listencornelia street
67%
REPUTATIONi'd kiss you as the lights went out / swaying as the room burned down / i'd hold you as the water rushes in / if i could dance with you again / i'd kiss you as the lights went out / swaying as the room burned down / i'd hold you as the water rushes in / if i could dance with you again (again)dancing with our hands tied
67%
LOVERso please show me hackney / doesn't have to be louis v up on bond street / just wanna be with you / wanna be with you / stick with me, i'm your queen / like a tennessee stella mccartney on the heath / just wanna be with you (wanna be with you) / wanna be with you, oh, woahlondon boy
67%
REPUTATIONyou did a number on me / but, honestly, baby, who's counting? / i did a number on you / but, honestly, baby, who's counting? / you did a number on me / but, honestly, baby, who's counting? / who's counting? (one, two, three)so it goes...
67%
FOLKLOREi want auroras and sad prose / i want to watch wisteria grow right over my bare feet / 'cause i haven't moved in years / and i want you right here / a red rose grew up out of ice frozen ground / with no one around to tweet it / while i bathe in cliffside pools / with my calamitous love and insurmountable griefthe lakes
67%
MIDNIGHTS 3AMgod rest my soul / i miss who i used to be / the tomb won't close / stained glass windows in my mind / i regret you all the time / i can't let this go / i fight with you in my sleep / the wound won't close / i keep on waiting for a sign / i regret you all the timewould've could've should've
67%
MIDNIGHTSand i wake with your memory over me / that's a real fucking legacy, legacy / and i wake with your memory over me / that's a real fucking legacy to leavemaroon
66%
FOLKLOREand it's hard to be at a party when i feel like an open wound / it's hard to be anywhere these days when all i want is you / you're a flashback in a film reel on the one screen in my townthis is me trying
65%
1989your kiss, my cheek, i watched you leave / your smile, my ghost, i fell to my knees / when you're young, you just run / but you come back to what you needthis love
65%
FOLKLOREonly twenty minutes to sleep / but you dream of some (--------) / just one single glimpse of relief / to make some sense of what you've seenepiphany
64%
LOVERlyrical smile, indigo eyes, hand on my thigh / we could follow the sparks, i'll drive / lyrical smile, indigo eyes, hand on my thigh / we could follow the sparks, i'll drive / "so where we gonna go?" / i whisper in the dark / "where we gonna go?" / (- ----- -- -----)i think he knows
64%
MIDNIGHTSask me what i learned from all those years / ask me what i earned from all those tears / ask me why so many fade, but i'm still here / (i'm still here, i'm still here)karma
64%
SPEAK NOWand it's not theirs to speculate if it's wrong and / your hands are tough, but they are where mine belong and / i'll fight their doubt and give you faith with this song for you / 'cause i love the gap between your teeth / and i love the riddles that you speak / and any snide remarks from my father about your tattoos / will be ignored, 'cause my heart is yoursours
64%
TAYLOR SWIFTi've heard every album, listened to the radio / waited for somethin' to come along / that was as good as (--- ----)our song
64%
EVERMOREat the restaurant when i was still the one you want / cross-legged in the dim light, everything was just right / i, i could feel the mascara run / you told me that you met someone / glass shattered on the white cloth / everybody moved onright where you left me
64%
SPEAK NOWthis is lookin' like a contest / of who can act like they care less / but i liked it better when you were on my side / the battle's in your hands now / but i would lay my armor down / if you said you'd rather love than fightthe story of us
64%
EVERMOREsleep in half the day just for old times' sake / i won't ask you to wait if you don't ask me to stay / so i'll go back to l.a. and the so-called friends / who'll write books about me if i ever make it / and wonder about the only soul who can tell which smiles i'm fakin' / and the heart i know i'm breakin' is my own / to leave the warmest bed i've ever known / we could call it even / even though i'm leaving / and i'll be yours for the weekend / (​---- --- ---- -------)'tis the damn season
64%
EVERMOREwhile you were out building other worlds, where was i? / where's that man who'd throw blankets over my barbed wire? / i made you my temple, my mural, my sky / now i'm begging for footnotes in the story of your life / drawing hearts in the byline / always taking up too much space or time / you assume i'm fine, but what would you do if itolerate it
64%
FOLKLOREyou know i left a part of me back in new york / you knew the hero died so what's the movie for? / you knew it still hurts underneath my scars / from when they pulled me apart / you knew the password so i let you in the door / you knew you won so what's the point of keeping score? / you knew it still hurts underneath my scars / from when they pulled me apart / but what you did was just as dark / (ah, ah, ah) / darling, this was just as hard / as when they pulled me aparthoax
63%
REDand the saddest fear / comes creeping in / that you never loved me or her / or anyone, or anything, yeahi knew you were trouble
63%
1989like any great love, it keeps you guessing / like any real love, it's ever-changing / like any true love, it drives you crazy / but you know you wouldn't change anything, anything, anythingwelcome to new york
63%
1989you always knew how to push my buttons / you give me everything and nothing / this mad, mad love makes you come running / to stand back where you stoodi wish you would
62%
MIDNIGHTSi can't speak, afraid to jinx it / i don't even dare to wish it / but your eyes are flying saucers from another planet / now i'm all for you like janet / can this be a real thing? can it?snow on the beach
61%
FEARLESShe can't see the smile i'm faking / and my heart's not breaking / 'cause i'm not feeling anything at all / and you were wild and crazy / just so frustrating / intoxicating, complicated / got away by some mistake, and nowthe way i loved you
61%
MIDNIGHTS 3AMi wanna brainwash you / into loving me forever / i wanna transport you / to somewhere the culture's clever / confess my truth / in swooping, sloping, cursive letters / let the only flashing lights be the tower at midnight / in my mindparis
60%
TAYLOR SWIFTand if you're missing me, you'd better keep it to yourself / 'cause coming back around here would be bad for your healthpicture to burn
60%
REDthis is a (----- -- -----) / this is the worthwhile fight / love is a ruthless game / unless you play it good and right / these are the hands of fate / you're my achilles heel / this is the golden age / of something good and right and realstate of grace
60%
MIDNIGHTS
industry disruptors and soul deconstructors / and smooth-talking hucksters out glad-handing each other / and the voices that implore, "you should be doing more" / to you, i can admit / that i'm just too soft for all of it
sweet nothing
60%
SPEAK NOWtime turns flames to embers / you'll have new septembers / every one of us has messed up, too, ooh / minds change like the weather / i hope you remember / today is never too late to be brand new, ohinnocent
59%
MIDNIGHTSdoes it feel like everything's just like / second best after that meteor strike? / and what's that that i heard? that you're still with her? / that's nice, i'm sure that's what's suitable / and right, but tonightquestion...?
59%
MIDNIGHTS 3AMwhat could've been, would've been you / what could've been, would've been / what should've been you / what could've been, would've been youbigger than the whole sky
58%
MIDNIGHTS 3AMi find the artifacts, cried over a hat / cursed the space that i needed / i trace the evidence, make it make some sense / why the wound is still bleedin' / you were the one that i loved / don't need another metaphor, it's simple enough / a wrinkle in time like the crease by your eyes / this is why they shouldn't kill off the main guy / dreams of your hair and your stare and sense of belief / in the good in the world, you once believed in me / and i felt you and i held you for a while / bet i could still melt your world / argumentative, antithetical dream girlhits different
58%
TAYLOR SWIFTi can't resist / before you go, tell me this / was it worth it? / was she worth this? / no, no / no, no, no, noshould've said no
58%
LOVERand i hate to make this all about me / but who am i supposed to talk to? / what am i supposed to do / if there's no you?soon you'll get better
58%
1989and so it goes / you two are dancing in a snow globe, 'round and 'round / and he keeps a picture of you in his office downtown / and you understand now / why they lost their minds and fought the wars / and why i've spent my whole life trying to put it into wordsyou are in love
58%
TAYLOR SWIFTso i drive home alone / as i turn off the light / i'll put his picture down and maybe get some sleep tonightteardrops on my guitar
55%
FEARLESSi have an excellent father / his strength is making me stronger / god smiles on my little brother / inside and out, he's better than i am / i grew up in a pretty house and i had space to run and i / had the best days with youthe best day
54%
REDi remember the night at the hotel / i was ridin' in the car when we both fell / i'm the one on the phone as you whisper / "do you know how much i miss you?"the very first night
54%
FEARLESSwhen all you wanted was to be wanted / wish you could go back and tell yourself what you know now / back then, i swore i was gonna marry him someday / but i realized some bigger dreams of mine / and abigail gave everything she had / to a boy who changed his mind / and we both criedfifteen
53%
LOVERsent me a clear message / taught me some hard lessons / i just forget what they were / it's all just a bluri forgot that you existed
53%
MIDNIGHTS 3AMa brief interruption, a slight malfunction / i'd go back to wanting dudes who give nothing / i thought we had no chance / and that's romance, let's danceglitch
52%
EVERMOREat dinner parties, i won't call you out on your contrarian shit / and the coastal town we never found will never see a love as pure as it / 'cause it fades into the gray of my day-old tea / 'cause it will never begold rush
52%
FEARLESSthey're dimming the street lights, you're perfect for me / why aren't you here tonight? / i'm waiting alone now, so come on and come out / and pull me near and shine, shine, shine / (--- -------), i could give you fifty reasons / why i should be the one you choose / all those other girls, well, they're beautiful / but would they write a song for you? (ha-ha-ha)hey stephen
52%
MIDNIGHTS 3AMso i wander through these nights / i prefer hiding in plain sight / my fourth drink in my hand / these desperate prayers of a cursed man / spilling out to you for free / but darling, darling, please / you wouldn't take my word for it if you knew who was talking / if you knew where i was walking / to a house, not a home, all alone 'cause nobody's there / where i pace in my pen and my friends found friends who care / no one sees when you lose when you're playing solitairedear reader
50%
EVERMOREcan't not think of all the cost / and the things that will be lost / oh, can we just get a pause? / to be certain we'll be tall again / whether weather be the frost / or the violence of the dog days / i'm on waves, out being tossed / is there a line that i could just go cross? / and when i was shipwrecked (can't think of all the cost now) / i thought of you (all the things that will be lost now) / in the cracks of light (can we just get a pause?) / i dreamed of you (to be certain we'll be tall again) / (if you think of all the cost) / if was real enough (whether weather be the frost) / to get me through (or the violence of the dog days) / (or the violence of the dog days) / (out on waves, being tossed) / (i'm on waves, out being tossed) / but i swear (is there a line that we can just go cross?) / you were thereevermore
50%
EVERMOREwere you waiting at our old spot / in the tree line / by the gold clock / did i leave you hanging every single day? / were you standing in the hallway / with a big cake, happy birthday / did i paint your bluest skies the darkest grey? / a universe away / and when i got into the accident / the sight that flashed before me was your face / but when i walked up to the podium, i think that i forgot to say your nameconey island
49%
1989and you know / oh, oh, oh, oh, oh, oh, oh, oh, oh, oh / that i don't want you to go, oh, ohhow you get the girl
49%
TAYLOR SWIFTwhen i'm with anybody else / it's so hard to be myself / and only you can telli'm only me when i'm with you
49%
EVERMOREso yeah, it's a fire / it's a goddamn blaze in the dark / and you started it / you started it / so yeah, it's a war / it's the goddamn fight of my life / and you started it / you started itivy
49%
FEARLESSoh, back up, baby, back up / did you forget everything? / back up, baby, back up / did you forget everything?forever & always
48%
EVERMOREi can't make it go away by making you a villain / i guess it's the price i paid for seven years in Heaven / and i pulled your body into mine / every goddamn night, now i get fake niceties / no one teaches you what to do / when a good man hurts you / and you know you hurt him tohappiness
48%
REDi know someday i'm gonna meet her, it's a fever dream / the kind of radiance you only have at seventeen / she'll know the way and then she'll say she got the map from me / i'll say i'm happy for her, then i'll cry myself to sleep / oh, woah, oh (oh) oh, woah, oh, woah, oh (oh)nothing new
47%
REDthis is (--- ---- ----) you tell me i've got it wrong / this is (--- ---- ----) i say, "it's been you all along" / this is (--- ---- ----) i let you in my door / this is (--- ---- ----), i won't hurt you anymore / oh, oh, oh, oh / oh, oh, oh, ohthe last time
47%
EVERMOREand the skeletons in both our closets / plotted hard to fuck this up / and the old men that i've swindled /really did believe i was the one / and the ladies lunchin' have their stories about / when you passed through town / oh, but that was all before i locked it downcowboy like me
46%
REDcall a cab, lose my number, you're about to lose your girl / call a cab, lose my number / let's consider this lesson learnedgirl at home
46%
REDoh, block it all out / the voices so loud, sayin' / "why did you let her go?" / does it make you feel sad / that the love that you're lookin' for / is the love that you had?i bet you think about me
46%
EVERMOREno more keepin' score / now i just keep you warm (keep you warm) / no more tug of war / now i just know there's more (know there's more) / no more keepin' score / now i just keep you warm (keep you warm) / and my waves meet your shore / ever and evermorelong story short
46%
REDdistance, timing, breakdown, fighting / silence, the train runs off its tracks / kiss me, try to fix it, could you just try to listen? / hang up, give up and for the life of us, we can't get backsad beautiful tragic
46%
REDoh, we made quite a mess, babe / it's probably better off this way / and i confess, baby / in my dreams, you're touching my face / and asking me if i wanna try again with you / and (- ------ --)i almost do
45%
EVERMOREi know i'm just a wrinkle in your new life / staying friends would iron it out so nice / guilty, guilty, reaching out across the sea / that you put between you and me / but it's fake and it's oh so unnecessaryclosure
44%
TAYLOR SWIFTyou never did give a damn thing, honey, but i cried, cried for you / and i know you wouldn't have told nobody if i died, died for you / (died for you)cold as you
44%
REDooh, oh / yeah, hey, yeah22
43%
REDhow is it in london? (london) / where were you while i'm wonderin' (wonderin') / if i'll ever see you again? / you could be the one that i love, mm / and now i'm standin' here, hopin' it gets to youmessage in a bottle
43%
REDyou took the time to memorize me / my fears, my hopes and dreams / i just like hanging out with you / all the time / all those times that you didn't leave / it's been occurring to me / i'd like to hang out with you / for my whole lifestay stay stay
43%
REDwhat do you say / when tears are streaming down your face / in front of everyone you know? / and what do you do / when the one who means the most to you / is the one who didn't show?the moment i knew
43%
TAYLOR SWIFTand i'm back for the first time since then / i'm standin' on your street / and there's a letter left on your doorstep / and the first thing that you'll readtim mcgraw
42%
REDtwo headlights shine through the sleepless night / and i will get you a, get you alone / your name has echoed through my mind / and i just think you should, think you should know / that nothing safe is worth the drive / and i would follow you, follow you home / i'll follow you, follow you hometreacherous
41%
TAYLOR SWIFTmaybe i'm just a girl on a mission / but i'm ready to flya place in this world
40%
TAYLOR SWIFTlike shadows in a faded light / oh, we're (--------) / i just wanna open your eyes / and make you realizeinvisible
40%
RED
since you admitted it, i keep picturing / her lips on your neck, i can't unsee it / i hate that because of you, i can't love you
babe
39%
REDthis is falling in love in the cruelest way / this is falling for you when you are worlds awaycome back...be here
39%
TAYLOR SWIFTa few years had gone and come around / we were sitting at our favorite spot in town / and you looked at me, got down on one kneemary's song (oh my my my)
39%
FEARLESSi'm caught up in you / oh-oh, oh, oh-oh / but you're (------------), burning brighter than the sun / now that you're close, i feel like coming undoneuntouchable
39%
FEARLESSand there you are on your knees / beggin' for forgiveness, beggin' for me / just like i always wanted / but i'm so sorrywhite horse
39%
REDand we walked down the block to my car / and i almost brought him up / but you start to talk about the movies / that your family watches every single christmas / and i want to talk about that / and for the first time, what's past is pastbegin again
38%
REDif i was standing there in your apartment / i'd take that bomb in your head and disarm it / i'd say i love you even at your darkest and please don't goforever winter
38%
REDtonight, i'm gonna dance / for all that we've been through / but i don't wanna dance / if i'm not dancing with you / tonight, i'm gonna dance / like you were in this room / but i don't wanna dance / if i'm not dancing with youholy ground
38%
TAYLOR SWIFTit's not unbroken anymore (it's not unbroken anymore) / how do i get it back the way it was before?a perfectly good heart
37%
REDi hold onto this pride because, these days, it's all i have / and i gave to you my best / and we both know you can't say thatbetter man
36%
REDooh-ooh, he's talking crazy / ooh-ooh, dancing with me / ooh-ooh, we could get married / have ten kids and teach them how to dreamstarlight
36%
TAYLOR SWIFTif you and i are a story / that never gets told / if what you are is a daydream / i'll never get to hold, at least you'll knowstay beautiful
35%
REDthere's been this hole in my heart / this thing was a shot in the dark / say you'll never let 'em tear us apart / and i'll hold onto you while we (---)run
34%
FEARLESSit's 2 A.M., feeling like i just lost a friend / hope you know it's not easy, easy for me / it's 2 A.M., feeling like i just lost a friend / hope you know this ain't easy, easy for mebreathe
33%
REDwhat if i'm standing in your closet trying to talk to you? / and what if i kept the hand-me-downs you won't grow into? / and what if i really thought some miracle would see us through? / what if the miracle was even getting one moment with you?ronan
32%
FEARLESSand i'll scream out the window / i can't even look at you / i don't need you but i do, i do, i do / say, "there's nothing you can say / to make this right again, i mean it, i mean it" / but what i mean isthe other side of the door
32%
FEARLESSthe bottom's gonna drop out from under our feet / i'll catch you, i'll catch you / when people say things that bring you to your knees / i'll catch you / the time is gonna come when you're so mad you could cry / but i'll hold you through the night until you smilejump then fall
31%
FEARLESSif you're out there, if you're somewhere, if you're moving on / i've been waiting for you ever since you've been gone / i just want it back the way it was before / and i just wanna see you back at my front doorif this was a movie
30%
FEARLESSwhy do you have to make me feel small / so you can feel whole inside? / why do you have to put down my dreams / so you're the only thing on my mind?tell me why
30%
FEARLESSyou had me crawling for you, honey / and it never would've gone away, no / you used to shine so bright, but i watched all of it fadeyou're not sorry
29%
FEARLESStonight, we'll stand, get off our knees / fight for what we've worked for all these years / and the battle was long, it's the fight of our lives / but we’ll stand up champions tonightchange
27%
FEARLESSyou played in bars, you play guitar / i'm invisible and everyone knows who you are / and you'll never see, you sing me to sleep / every night from the radiosuperstar
27%
FEARLESStime slows down / whenever you're around / i can feel my heart / it's beating in my chest / did you feel it? / i can't put this downtoday was a fairytale
27%
FEARLESSoh, i hate those voices telling me i'm not in love anymore / but they don't give me choices and that's what these tears are for / 'cause (-- ---- -----) / (-- ---- -----)we were happy
27%
REDcome back and tell me why / i'm feeling like i've missed you all this time / and meet me there tonight / and let me know that it's not all in my mindeverything has changed
24%
FEARLESSand you said, "honestly / when you were gone / did you ever think of me?" / and i saidthat's when
24%
FEARLESSso i'll walk out of here tonight / try to go on with my life / and you can say we're still friends / (but i don't wanna pretend) so if i see you againdon't you
22%
FEARLESSand there's so much that i can't touch / you're all i want, but it's not enough this time / and all the pages are just slipping through my hands / and i'm so scared of how this endsbye bye baby
21%
FEARLESSi've watched you so long, screamed your name / i don't know what else i can saycome in with the rain
20%

Score Distribution

Percentile by Number Answered

Percent of People with Each Score

Your Score History

You have not taken this quiz